Jadikan solat sebagai penolong hidup mu (Record no. 109910)

MARC details
000 -LEADER
fixed length control field 00729nam a2200253 i 4500
001 - CONTROL NUMBER
control field C2-0307124
003 - CONTROL NUMBER IDENTIFIER
control field PPAK
005 - DATE AND TIME OF LATEST TRANSACTION
control field 20180728093750.0
008 - FIXED-LENGTH DATA ELEMENTS--GENERAL INFORMATION
fixed length control field 110109s2010 my |||| ||||| | may d
020 ## - INTERNATIONAL STANDARD BOOK NUMBER
International Standard Book Number 9789675778025
040 ## - CATALOGING SOURCE
Original cataloging agency PPAK
Language of cataloging eng
Transcribing agency PPAK
Description conventions rda
082 04 - DEWEY DECIMAL CLASSIFICATION NUMBER
Classification number 297.3822
Edition number 23
090 00 - LOCALLY ASSIGNED LC-TYPE CALL NUMBER (OCLC); LOCAL CALL NUMBER (RLIN)
Classification number (OCLC) (R) ; Classification number, CALL (RLIN) (NR) 297.3822
Feature heading MOH
Feature heading G
100 0# - MAIN ENTRY--PERSONAL NAME
Personal name Mohammad Aiman al-Zuhairi,
Relator term author
245 10 - TITLE STATEMENT
Title Jadikan solat sebagai penolong hidup mu
264 #1 - PRODUCTION, PUBLICATION, DISTRIBUTION, MANUFACTURE, AND COPYRIGHT NOTICE
Place of production, publication, distribution, manufacture Rawang, Selangor :
Name of producer, publisher, distributor, manufacturer Pustaka Ilmuan ,
Date of production, publication, distribution, manufacture, or copyright notice 2010
300 ## - PHYSICAL DESCRIPTION
Extent xvi, 288 pages ;
Dimensions 21 cm
336 ## - CONTENT TYPE
Source rdacontent
Content type term text
337 ## - MEDIA TYPE
Source rdamedia
Media type term unmediated
338 ## - CARRIER TYPE
Source rdacarrier
Carrier type term volume
650 10 - SUBJECT ADDED ENTRY--TOPICAL TERM
Topical term or geographic name entry element Prayer - Islam
700 0# - ADDED ENTRY--PERSONAL NAME
Personal name Mohammad Aiman al-Zuhairi,
Relator term compile
942 ## - ADDED ENTRY ELEMENTS (KOHA)
-- dc
Koha item type Book
Holdings
Withdrawn Not for loan Current library Shelving location Date acquired Total Checkouts Full call number Barcode Date last seen Date last checked out Koha item type
    Perpustakaan Alor Setar Pinjaman Dewasa 26/01/2011 2 297.3822 MOH A01357148 20/02/2024 06/02/2024 Book
    Perpustakaan Alor Setar Pinjaman Dewasa 26/01/2011 3 297.3822 MOH A01357149 06/06/2026 16/05/2026 Book
    Perpustakaan Baling Pinjaman Dewasa 26/01/2011 2 297.3822 MOH A01357156 09/01/2023 28/12/2022 Book
    Perpustakaan Bandar Baharu Pinjaman Dewasa 26/01/2011 1 297.3822 MOH A01357157 07/12/2020 16/11/2020 Book
    Perpustakaan Jitra Pinjaman Dewasa 26/01/2011   297.3822 MOH A01357151 09/05/2018   Book
    Perpustakaan Kuala Nerang Pinjaman Dewasa 26/01/2011   297.3822 MOH A01357158 09/05/2018   Book
    Perpustakaan Kulim Pinjaman Dewasa 26/01/2011 1 297.3822 MOH A01357153 06/11/2023 10/10/2023 Book
    Perpustakaan Langkawi Pinjaman Dewasa 26/01/2011   297.3822 MOH A01357152 09/05/2018   Book